Materials of Tears of the Kingdom (TOTK) - Statistics

General Stats
  • This quiz has been taken 15 times
  • The average score is 45 of 251
Answer Stats
Answer % Correct
Fruit / Mushrooms Apple
78%
Fruit / Mushrooms Rushroom
67%
Fruit / Mushrooms Ironshroom
56%
Ores Ruby
56%
Ores Sapphire
56%
Ores Topaz
56%
Ores Amber
44%
Monster Parts Black Bokoblin Horn
44%
Monster Parts Chuchu Jelly
44%
Ores Diamond
44%
Fruit / Mushrooms Golden Apple
44%
Monster Parts (cont.) Moblin Horn
44%
Fruit / Mushrooms Palm Fruit
44%
Meats Raw Meat
44%
Meats Raw Prime Meat
44%
Fruit / Mushrooms Razorshroom
44%
Monster Parts Red Chuchu Jelly
44%
Herbs / Ingredients Rock Salt
44%
Monster Parts White Chuchu Jelly
44%
Fruit / Mushrooms Wildberry
44%
Monster Parts Yellow Chuchu Jelly
44%
Monster Parts Aerocuda Eyeball
33%
Monster Parts Aerocuda Wing
33%
Monster Parts (cont.) Black Moblin Horn
33%
Monster Parts Blue Bokoblin Horn
33%
Monster Parts (cont.) Blue Moblin Horn
33%
Monster Parts Bokoblin Horn
33%
Fruit / Mushrooms Chillshroom
33%
Ores Flint
33%
Herbs / Ingredients Fresh Milk
33%
Fruit / Mushrooms Hearty Truffle
33%
Critters Hightail Lizard
33%
Monster Parts Hinox Toenail
33%
Fruit / Mushrooms Hylian Shroom
33%
Fruit / Mushrooms Hylian Tomato
33%
Herbs / Ingredients Hyrule Herb
33%
Monster Parts Ice Keese Wing
33%
Monster Parts Keese Eyeball
33%
Monster Parts Lizalfos Tail
33%
Ores Luminous Stone
33%
Ores Opal
33%
Meats Raw Bird Drumstick
33%
Meats Raw Gourmet Meat
33%
Critters Restless Cricket
33%
Herbs / Ingredients Silent Princess
33%
Fruit / Mushrooms Silent Shroom
33%
Fish / Seaside Life Staminoka Bass
33%
Herbs / Ingredients Sundelion
33%
Fruit / Mushrooms Sunshroom
33%
Herbs / Ingredients Acorn
22%
Fish / Seaside Life Ancient Arowana
22%
Fruit / Mushrooms Big Hearty Truffle
22%
Monster Parts Bokoblin Fang
22%
Monster Parts Bokoblin Guts
22%
Monster Parts Boss Bokoblin Horn
22%
Monster Parts Captain Construct I Horn
22%
Monster Parts Captain Construct II Horn
22%
Herbs / Ingredients Chickaloo Tree Nut
22%
Fish / Seaside Life Chillfin Trout
22%
Herbs / Ingredients Cool Safflina
22%
Herbs / Ingredients Dark Clump
22%
Fruit / Mushrooms Dazzlefruit
22%
Critters Deep Firefly
22%
Monster Parts Electric Keese Wing
22%
Herbs / Ingredients Endura Carrot
22%
Critters Fairy
22%
Fruit / Mushrooms Fire Fruit
22%
Monster Parts Fire Keese Wing
22%
Fruit / Mushrooms Fleet-Lotus Seeds
22%
Fish / Seaside Life Glowing Cave Fish
22%
Fish / Seaside Life Hearty Bass
22%
Monster Parts Hinox Guts
22%
Monster Parts Hinox Horn
22%
Monster Parts Horriblin Fang
22%
Monster Parts Horriblin Guts
22%
Monster Parts (cont.) Horriblin Horn
22%
Critters Hot-Footed Frog
22%
Miscellaneous Hylian Pinecone
22%
Herbs / Ingredients Hylian Rice
22%
Fish / Seaside Life Hyrule Bass
22%
Fruit / Mushrooms Ice Fruit
22%
Monster Parts Ice Keese Eyeball
22%
Monster Parts Keese Wing
22%
Herbs / Ingredients Korok Frond
22%
Miscellaneous Large Zonaite
22%
Monster Parts (cont.) Like-Like Stone
22%
Monster Parts Lizalfos Horn
22%
Monster Parts Lynel Guts
22%
Monster Parts (cont.) Lynel Hoof
22%
Fruit / Mushrooms Mighty Bananas
22%
Monster Parts Moblin Fang
22%
Monster Parts Moblin Guts
22%
Fruit / Mushrooms Muddlebud
22%
Fruit / Mushrooms Puff Shroom
22%
Meats Raw Bird Thigh
22%
Meats Raw Whole Bird
22%
Monster Parts Silver Bokoblin Horn
22%
Monster Parts (cont.) Silver Moblin Horn
22%
Monster Parts Soldier Construct I Horn
22%
Monster Parts Soldier Construct II Horn
22%
Fruit / Mushrooms Spicy Pepper
22%
Fruit / Mushrooms Splash Fruit
22%
Fruit / Mushrooms Stamella Shroom
22%
Critters Sticky Frog
22%
Critters Sticky Lizard
22%
Critters Summerwing Butterfly
22%
Herbs / Ingredients Swift Carrot
22%
Herbs / Ingredients Tabantha Wheat
22%
Critters Tireless Frog
22%
Herbs / Ingredients Warm Safflina
22%
Critters Winterwing Butterfly
22%
Miscellaneous Zonai Charge
22%
Miscellaneous Zonaite
22%
Herbs / Ingredients Armoranth
11%
Fish / Seaside Life Armored Carp
11%
Fish / Seaside Life Armored Porgy
11%
Monster Parts Black Hinox Horn
11%
Monster Parts (cont.) Black Horriblin Horn
11%
Monster Parts Black Lizalfos Horn
11%
Monster Parts Black Lizalfos Tail
11%
Critters Bladed Rhino Beetle
11%
Monster Parts Blue Boss Bokoblin Horn
11%
Monster Parts Blue Hinox Horn
11%
Monster Parts (cont.) Blue Horriblin Horn
11%
Monster Parts Blue Lizalfos Horn
11%
Monster Parts Blue Lizalfos Tail
11%
Herbs / Ingredients Blue Nightshade
11%
Fruit / Mushrooms Bomb Flower
11%
Monster Parts Boss Bokoblin Fang
11%
Monster Parts Boss Bokoblin Guts
11%
Miscellaneous Brightbloom Seed
11%
Fruit / Mushrooms Brightcap
11%
Fish / Seaside Life Bright-Eyed Crab
11%
Herbs / Ingredients Cane Sugar
11%
Monster Parts Captain Construct III Horn
11%
Monster Parts Captain Construct IV Horn
11%
Critters Cold Darner
11%
Herbs / Ingredients Courser Bee Honey
11%
Critters Electric Darner
11%
Monster Parts Electric Keese Eyeball
11%
Monster Parts Electric Lizalfos Horn
11%
Monster Parts Electric Lizalfos Tail
11%
Herbs / Ingredients Electric Safflina
11%
Fruit / Mushrooms Endura Shroom
11%
Critters Energetic Rhino Beetle
11%
Monster Parts Fire-Breath Lizalfos Horn
11%
Monster Parts Fire-Breath Lizalfos Tail
11%
Monster Parts Fire Keese Eyeball
11%
Monster Parts (cont.) Fire-Like Stone
11%
Critters Fireproof Lizard
11%
Monster Parts Frox Guts
11%
Miscellaneous Giant Brightbloom Seed
11%
Monster Parts Gibdo Bone
11%
Monster Parts Gleeok Guts
11%
Herbs / Ingredients Goat Butter
11%
Herbs / Ingredients Goron Spice
11%
Herbs / Ingredients Hateno Cheese
11%
Critters Hearty Lizard
11%
Herbs / Ingredients Hearty Radish
11%
Fish / Seaside Life Hearty Salmon
11%
Fruit / Mushrooms Hydromelon
11%
Monster Parts Ice-Breath Lizalfos Horn
11%
Monster Parts Ice-Breath Lizalfos Tail
11%
Monster Parts (cont.) Ice-Like Stone
11%
Fish / Seaside Life Ironshell Crab
11%
Miscellaneous Large Zonai Charge
11%
Monster Parts Lizalfos Talon
11%
Fish / Seaside Life Mighty Carp
11%
Fish / Seaside Life Mighty Porgy
11%
Herbs / Ingredients Mighty Thistle
11%
Monster Parts Molduga Fin
11%
Monster Parts Molduga Guts
11%
Monster Parts Molduga Jaw
11%
Herbs / Ingredients Monster Extract
11%
Monster Parts Moth Gibdo Wing
11%
Monster Parts Octorok Balloon
11%
Monster Parts Octorok Eyeball
11%
Monster Parts Octorok Tentacle
11%
Herbs / Ingredients Oil Jar
11%
Fish / Seaside Life Razorclaw Crab
11%
Critters Rugged Rhino Beetle
11%
Fish / Seaside Life Sanke Carp
11%
Fruit / Mushrooms Shock Fruit
11%
Monster Parts (cont.) Shock-Like Stone
11%
Monster Parts (cont.) Silver Horriblin Horn
11%
Monster Parts Silver Lizalfos Horn
11%
Monster Parts Silver Lizalfos Tail
11%
Fish / Seaside Life Sizzlefin Trout
11%
Fruit / Mushrooms Sky Shroom
11%
Critters Smotherwing Butterfly
11%
Fish / Seaside Life Sneaky River Snail
11%
Monster Parts Soldier Construct III Horn
11%
Monster Parts Soldier Construct IV Horn
11%
Monster Parts Stalnox Horn
11%
Herbs / Ingredients Stambulb
11%
Fish / Seaside Life Stealthfin Trout
11%
Herbs / Ingredients Sun Pumpkin
11%
Critters Sunset Firefly
11%
Herbs / Ingredients Swift Violet
11%
Critters Thunderwing Butterfly
11%
Fish / Seaside Life Voltfin Trout
11%
Fruit / Mushrooms Voltfruit
11%
Critters Warm Darner
11%
Fruit / Mushrooms Zapshroom
11%
Miscellaneous Ancient Blade
0%
Herbs / Ingredients Big Hearty Radish
0%
Herbs / Ingredients Bird Egg
0%
Monster Parts (cont.) Blue Lynel Mace Horn
0%
Monster Parts Blue Lynel Saber Horn
0%
Monster Parts Blue-White Frox Fang
0%
Miscellaneous Bundle of Wood
0%
Monster Parts Dinraal's Claw
0%
Monster Parts Dinraal's Scale
0%
Monster Parts Farosh's Claw
0%
Monster Parts Farosh's Scale
0%
Monster Parts Frox Fang
0%
Monster Parts Frox Fingernail
0%
Monster Parts Gibdo Guts
0%
Monster Parts Gleeok Flame Horn
0%
Monster Parts Gleeok Frost Horn
0%
Monster Parts Gleeok Thunder Horn
0%
Monster Parts Gleeok Wing
0%
Monster Parts Hinox Fang
0%
Miscellaneous King's Scale
0%
Monster Parts Light Dragon's Claw
0%
Monster Parts Light Dragon's Scale
0%
Monster Parts (cont.) Lynel Mace Horn
0%
Monster Parts Lynel Saber Horn
0%
Monster Parts Naydra's Claw
0%
Monster Parts Naydra's Scale
0%
Monster Parts Obsidian Frox Fang
0%
Monster Parts Shard of Dinraal's Fang
0%
Monster Parts Shard of Dinraal's Horn
0%
Monster Parts Shard of Dinraal's Spike
0%
Monster Parts Shard of Farosh's Fang
0%
Monster Parts Shard of Farosh's Horn
0%
Monster Parts Shard of Farosh's Spike
0%
Monster Parts Shard of Light Dragon's Fang
0%
Monster Parts Shard of Light Dragon's Horn
0%
Monster Parts Shard of Light Dragon's Spike
0%
Monster Parts Shard of Naydra's Fang
0%
Monster Parts Shard of Naydra's Horn
0%
Monster Parts Shard of Naydra's Spike
0%
Monster Parts (cont.) Silver Lynel Mace Horn
0%
Herbs / Ingredients Star Fragment
0%
Herbs / Ingredients Tough Pumpkin
0%
Fish / Seaside Life Warmfin Trout
0%
Monster Parts (cont.) White-Maned Lynel Mace Horn
0%
Monster Parts White-Maned Lynel Saber Horn
0%
No matching quizzes found
Score Distribution
Percent of People with Each Score
Percentile by Number Answered
Your Score History
You have not taken this quiz